000 01239cam a2200289 a 4500
999 _c9965
_d9965
001 2582237
003 OSt
005 20191230145535.0
008 961205s1997 nyu d 000 0 eng
010 _a 96052401
020 _a0192800183
040 _aDLC
_coclc
_dDLC
050 0 0 _aHB61
_b.B554 1997
082 0 0 _a330.03
_221
_bBLA/D
100 _aBlack, John
_d1931-
_9889
245 1 2 _aA Dictionary of Economics /
_cJohn Black
260 _aOxford ;
_aNew York :
_bOxford University Press,
_c1997.
300 _a507 p
_c20 cm.
490 0 _aOxford paperback reference
650 0 _aEconomics
_xDictionaries.
856 4 2 _3Publisher description
_uhttp://www.loc.gov/catdir/enhancements/fy0635/96052401-d.html
856 4 1 _3Table of contents only
_uhttp://www.loc.gov/catdir/enhancements/fy0635/96052401-t.html
856 4 2 _3Contributor biographical information
_uhttp://www.loc.gov/catdir/enhancements/fy0723/96052401-b.html
906 _a7
_bcbc
_corignew
_d1
_eocip
_f19
_gy-gencatlg
942 _2ddc
_cREF
_h330.03
_iBLA/D
_k330.03
_mBLA/D